| 000 | 01569nam0a22003131 4500 | ||
|---|---|---|---|
| 001 | rc\3708830 | ||
| 005 | 20250610113037.0 | ||
| 021 |
_aRU _b[71-75277] |
||
| 035 | _a(NLR Aleph) 007879114 | ||
| 090 |
_a7906651 _c7906651 |
||
| 100 | _a20130115d1971 |||y0rusy50 ca | ||
| 101 | 1 |
_arus _coss |
|
| 102 | _aRU | ||
| 105 | _aa z |||a| | ||
| 200 | 1 |
_aСаломи _e[Рассказы _eПер. с осет. _fПредисл. С. Дангулова _gИл.: Б. Чупрыгин] |
|
| 210 |
_aМосква _cСовременник _d1971 |
||
| 215 |
_a199 с. _cил. _d21 |
||
| 300 | _aВ вып. дан. авт.: Арсен Борисович Коцоев | ||
| 327 | 0 | _aСодерж.: Охотники; Ханифора; Пасха Гиго; Пятнадцать лет; Друзья; Вот как получается!; Двадцать четыре дня; "Беда"; Хлопоты Дадоловых; Саломи, и др. рассказы | |
| 464 | 0 |
_12001#$aОхотники$aХанифора$aПасха Гиго$aПятнадцать лет$aДрузья$aВот как получается!$aДвадцать четыре дня$a"Беда"$aХлопоты Дадоловых$aСаломи _tСаломи |
|
| 700 | 1 |
_6z01790 _aКоцоев _bА. _f1872-1944 _gАрсен |
|
| 702 | 1 |
_aДангулов _bС. _4080 |
|
| 702 | 1 |
_aЧупрыгин _bБ. _4440 |
|
| 790 | 1 |
_6z01700 _aКоцоев _bА.Б. _f1872-1944 _gАрсен Борисович |
|
| 801 | 0 |
_aRU _bNLR _gpsbo |
|
| 801 | 1 |
_aRU _bELAR _2rusmarc |
|
| 852 |
_aNLR _j71-3/6645 |
||
| 942 | _cBOOK | ||
| 980 | _aNB | ||